000 00628nam a2200229Ia 4500
003 OSt
005 20221007071302.0
006 a|||||r|||| 00| 0
007 ta
008 221006b |||||||| |||| 00| 0 eng d
024 _a24,493
037 _cTextual
040 _aFLL
_cFLL
_beng
041 _2eng
_aeng
082 _aZ3:94, F3
100 _aBower George Spencer
_9688457
245 0 _aLaw relating to Estoppel by representation
260 _aLondon
_bButterworth & Co. UK
_c1923
300 _axxxii,407,51p
_ccm.
942 _hZ3:94, F3
_cTEXL
_2CC
999 _c1142956
_d1142956